000
00330nam a22001457a 4500
008
221007b ||||| |||| 00| 0 eng d
020
_a
9780071105095
041
_a
eng
080
_2
TENTH EDITION
_a
618
082
_a
618
100
_a
15.2
101
_a
GINE
245
_a
OBSTETRICS&GYNECOLOGY
_c
DECHERNEY A
942
_2
udc
_c
BK
999
_c
58419
_d
58419